000
00301nam a22001217a 4500
008
170303b xxu||||| |||| 00| 0 alb d
041
_a
alb
080
_a
616.073
100
_a
6
101
_a
SHM
245
_a
RENTGENDIAGNOSTICA E SEMUNDJEVE TE ORGANEVE TE FRYMEMARRJES
_c
SELENICA, P
942
_2
udc
_c
BK
999
_c
6700
_d
6700